书目信息 |
| 题名: |
细胞生物学
|
|
| 作者: | 翟中和 主编 | |
| 分册: | ||
| 出版信息: | 北京 高等教育出版社 2000.08 |
|
| 页数: | 491页 | |
| 开本: | 16开 | |
| 丛书名: | ||
| 单 册: | ||
| 中图分类: | Q27-43 | |
| 科图分类: | ||
| 主题词: | 细胞学:生物物理学 | |
| 电子资源: | ||
| ISBN: | 7-04-008614-X | |
| 000 | 00519nam0 2200181 45 | |
| 001 | 0103230991 | |
| 005 | 20151222155133.70 | |
| 010 | @a7-04-008614-X@d33.40元 | |
| 100 | @a20010323d2000 km y0chiy0120 ea | |
| 101 | 0 | @achi |
| 200 | 1 | @a细胞生物学@AXi Bao Sheng Wu Xue@f翟中和等主编@FZhai Zhong He Deng Zhu Bian |
| 210 | @a北京@c高等教育出版社@d2000.08 | |
| 215 | @a491页@d16开 | |
| 606 | 0 | @a细胞学:生物物理学 |
| 690 | @aQ27-43@v3 | |
| 701 | 0 | @a翟中和@4主编 |
| 801 | @aCN@c20080605 | |
| 905 | @b331990-991@dQ27-43@eZ311@f2 | |
| 细胞生物学/翟中和等主编.-北京:高等教育出版社,2000.08 |
| 491页;16开 |
| ISBN 7-04-008614-X:33.40元 |
| ● |
| 相关链接 |
|
|
|
正题名:细胞生物学
索取号:Q27-43/Z311
 
预约/预借
| 序号 | 登录号 | 条形码 | 馆藏地/架位号 | 状态 | 备注 |
| 1 | 1235353 | 212353530 | 生命科学与工程学院资料室/ [索取号:Q27-43/Z311] | 在馆 | |
| 2 | 331990 | 203319907 | 生命科学与工程学院资料室/ [索取号:Q27-43/Z311] | 在馆 | |
| 3 | 331991 | 203319916 | 自科库401/401自科库 27排1列1层/ [索取号:Q27-43/Z311] | 在馆 | |
| 4 | 452334 | 204523346 | 自科库401/401自科库 27排1列1层/ [索取号:Q27-43/Z311] | 在馆 | |
| 5 | 487993 | 204879934 | 自科二线504/504自科库 23排1列5层/ [索取号:Q27-43/Z311] | 在馆 |